Á lódáil...

Manuscript and manuscriptology in India

Sonraí Bibleagrafaíochta
Príomhúdar: Subodh Gopal Nandi
Údair Eile: Projit Kumar Palit
Formáid: Printed Book
Foilsithe: New Delhi Kaveri 2010
Ábhair:
LEADER 01463nam a22003131a 4500
020 |a 9788174791054  |c 0.00 
040 |a SSUS - Library - Kalady 
082 |a 091.095 4  |b SUB/M 
100 |a Subodh Gopal Nandi 
245 |a Manuscript and manuscriptology in India  |h [Text] 
260 |a New Delhi  |b Kaveri  |c 2010 
300 |a 298p. 
600 |a Manuscripts 
600 |a Manuscriptology 
600 |a Manuscripts India 
700 |a Projit Kumar Palit 
852 |h 091.095 4  |i SUB/M  |p 062584  |9 1500.00  |t 0 
852 |h 091.095 4  |i SUB/M  |p 062585  |9 1500.00  |t 0 
852 |h 091.095 4  |i SUB/M  |p 062633  |9 1500.00  |t 0 
852 |h 091.095 4  |i SUB/M  |p 062634  |9 1500.00  |t 0 
942 |c BK 
942 |c BK 
942 |c BK 
942 |c BK 
999 |c 27691  |d 27691 
952 |0 0  |1 0  |4 0  |6 091_095000000000000_4_SUB_M  |7 0  |9 39906  |a SSUS  |b SSUS  |c STACKS  |d 2015-01-08  |g 1500.00  |l 9  |o 091.095 4 SUB/M  |p 062584  |r 2020-02-11  |s 2020-01-16  |v 0.00  |w 2015-01-08  |y BK 
952 |0 0  |1 0  |4 0  |6 091_095000000000000_4_SUB_M  |7 0  |9 39907  |a SSUS  |b SSUS  |c STACKS  |d 2015-01-08  |g 1500.00  |l 14  |m 1  |o 091.095 4 SUB/M  |p 062585  |q 2020-04-03  |r 2020-03-05  |s 2020-03-05  |v 0.00  |w 2015-01-08  |y BK 
952 |0 0  |1 0  |4 0  |6 091_095000000000000_4_SUB_M  |7 0  |9 39908  |a SSUS  |b SSUS  |c STACKS  |d 2015-01-08  |g 1500.00  |l 7  |o 091.095 4 SUB/M  |p 062633  |r 2020-02-12  |s 2020-01-27  |v 0.00  |w 2015-01-08  |y BK 
952 |0 0  |1 0  |4 0  |6 091_095000000000000_4_SUB_M  |7 0  |9 39909  |a SSUS  |b SSUS  |d 2015-01-08  |g 1500.00  |l 10  |o 091.095 4 SUB/M  |p 062634  |r 2020-02-13  |s 2020-01-25  |v 0.00  |w 2015-01-08  |y BK